Home Print Resources E-Books E-Journals IIMT Lecture Series Library Membership Form Book Recommendation Form Campus Tour Take AdmissionAbout Us Contact Us

THE ESSENCE OF BUSINESS ETHICS (Record no. 855)

000 -LEADER
fixed length control field 00336nam a2200145Ia 4500
003 - CONTROL NUMBER IDENTIFIER
control field OSt
005 - DATE AND TIME OF LATEST TRANSACTION
control field 20240302142747.0
008 - FIXED-LENGTH DATA ELEMENTS--GENERAL INFORMATION
fixed length control field 170523s9999 xx 000 0 und d
020 ## - INTERNATIONAL STANDARD BOOK NUMBER
International Standard Book Number 978-0133565447
040 ## - CATALOGING SOURCE
Transcribing agency IIMTU
100 ## - MAIN ENTRY--PERSONAL NAME
Personal name PRATLEY- PETER
245 #4 - TITLE STATEMENT
Title THE ESSENCE OF BUSINESS ETHICS
260 ## - PUBLICATION, DISTRIBUTION, ETC.
Name of publisher, distributor, etc. NEW DELHI PHI
942 ## - ADDED ENTRY ELEMENTS (KOHA)
Source of classification or shelving scheme
Koha item type Book Bank
Holdings
Withdrawn status Lost status Source of classification or shelving scheme Damaged status Not for loan Home library Current library Date acquired Coded location qualifier Barcode Date last seen Price effective from Koha item type Public note Total Checkouts
          IIMT University Central Library Meerut IIMT University Central Library Meerut 06/01/2017 Dept. MBA 01-B-2666 06/01/2017 06/01/2017 Book Bank  
          IIMT University Central Library Meerut IIMT University Central Library Meerut 06/01/2017   01-B-2667 06/01/2017 06/01/2017 Book Bank    
          IIMT University Central Library Meerut IIMT University Central Library Meerut 06/01/2017   01-B-2668 06/01/2017 06/01/2017 Book Bank    
          IIMT University Central Library Meerut IIMT University Central Library Meerut 06/01/2017   01-B-2669 06/01/2017 06/01/2017 Book Bank    
IIMT, Central Library. All Rights Reserved IIMT,UNIVERSITY © 2023
Implemented and Customised by I CLOUDE EMS
You Are OPAC Visitor No
free web counter

Powered by Koha